000
00301nam a22001337a 4500
008
170511b xxu||||| |||| 00| 0 eng d
020
_a
9781587785436
041
_a
eng
080
_2
4TH
_a
342
100
_a
15
101
_a
SHJ
245
_a
CONSUMER TRANSACTIONS
_c
GREENFIELD, M.M
942
_2
udc
_c
BK
999
_c
13128
_d
13128